| 000 | 00785nam a2200217 i 4500 | ||
|---|---|---|---|
| 001 | 133771 | ||
| 003 | ES-MaACL | ||
| 005 | 20250902055926.0 | ||
| 007 | t| | ||
| 008 | 070828s1970 sp ||||1| spa d | ||
| 100 | 1 |
_aWoot, Philippe de. _9117366 |
|
| 245 | 1 | 0 |
_aDoctrina de la empresa / _cPhilippe de Woot ; prefacio de José Manuel González Páramo ; prólogo de François Bloch-Lainé ; [versión... por Juan Andrés Iglesias Sanz]. |
| 260 |
_aMadrid : _bRialp, _c[1970] |
||
| 300 |
_a338 p. ; _c24 cm. |
||
| 650 | 1 | 7 |
_aEmpresas _2embne _912209 |
| 700 | 1 |
_aBloch-Laine, François. _929523 |
|
| 700 | 0 |
_aIglesias, Juan Andrés. _965084 |
|
| 700 | 1 |
_aGonzález Páramo, José Manuel, _d1927- _9152414 |
|
| 852 |
_aES-MaACL _jC-44564 _bR.74894 |
||
| 999 |
_c133771 _d133771 |
||